Central Library OPAC University of Rajshahi

Break-up values of shares of joint stock companies (1961-66). (Record no. 58957)

MARC details
000 -LEADER
fixed length control field 00719nam a2200229 a 4500
001 - CONTROL NUMBER
control field 58957
003 - CONTROL NUMBER IDENTIFIER
rucl marc code BD-RjUL
005 - DATE AND TIME OF LATEST TRANSACTION
control field 20211209080659.0
008 - FIXED-LENGTH DATA ELEMENTS--GENERAL INFORMATION
fixed length control field 161220s1968 pk a s 001 0 eng
035 ## - SYSTEM CONTROL NUMBER
System control number (BD-RjUL)59081
040 ## - CATALOGING SOURCE
Original cataloging agency DLC
Transcribing agency DLC
Modifying agency DLC
Language of cataloging eng
041 ## - LANGUAGE CODE
Language code of text/sound track or separate title eng
082 ## - DEWEY DECIMAL CLASSIFICATION NUMBER
Edition number 23
Classification number 332.6322095491
Author mark and year STB 1968
110 2# - MAIN ENTRY--CORPORATE NAME
Corporate name or jurisdiction name as entry element State Bank of Pakistan.
Subordinate unit Department of Statistics.
9 (RLIN) 175315
245 10 - TITLE STATEMENT
Title Break-up values of shares of joint stock companies (1961-66).
260 ## - PUBLICATION, DISTRIBUTION, ETC. (IMPRINT)
Place of publication, distribution, etc. Karachi :
Name of publisher, distributor, etc. State bank of Pakistan,
Date of publication, distribution, etc. 1968
300 ## - PHYSICAL DESCRIPTION
Pagination v, 50 p. :
Illustrations ill. ;
Size 25 cm.
650 #0 - SUBJECT ADDED ENTRY--TOPICAL TERM
Topical term or geographic name as entry element Stocks
Geographic subdivision Pakistan.
9 (RLIN) 175316
Topical term or geographic name as entry element Corporations
General subdivision Valuation
Geographic subdivision Pakistan.
9 (RLIN) 175317
942 ## - ADDED ENTRY ELEMENTS (KOHA)
Source of classification or shelving scheme Dewey Decimal Classification
Koha item type Books
Holdings
Lost status Source of classification or shelving scheme Damaged status Not for loan Collection code Permanent Location Current Location Shelving location Date acquired Source of acquisition Total Checkouts Full call number Date last seen Copy number Koha item type
  Dewey Decimal Classification   Not For Loan Non-fiction Central Library, University of Rajshahi Central Library, University of Rajshahi Reading Room 30/12/2008 RUCL   332.6322095491 STB 1968 20/12/2016 C-1 Books